000 00856nam a2200289 a 4500
001 24391
003 CO-ViMGA
008 141112s2004 ck r 000 u spa d
020 _a9786074003765
040 _aCO-ViMGA
_bspa
_cCO-ViMGA
041 _aSPA
090 _aA TUL1
100 1 _aTullet, Hervé
_935891
245 1 0 _aUn libro /
_cHervé Tullet
250 _a1a ed.
260 _aMadrid :
_bOcéano Travesía,
_c2011
300 _a56 p. : il. col. : il.
500 _aTítulo original : Un livre
650 1 4 _aAUTORES FRANCESES
_91076
650 1 4 _aCOLORES - LIBROS DE IMAGENES
_935892
650 1 4 _aDESDE LOS 18 MESES
_935893
650 1 4 _aILUSTRADORES FRANCESES
_935894
650 1 4 _aJUEGOS - LIBROS DE IMAGENES
_935895
650 1 4 _aLEER ES MI CUENTO - COLECCION 2011
_935896
700 1 _aGranon, Sandrine
_935897
942 _2ddc
_cBK
999 _c2288
_d2288